[Event "European Rapid 2015"]
[Site "Minsk BLR"]
[Date "2015.12.19"]
[Round "4.20"]
[White "Shkapenko, Pavel"]
[Black "Huzman, Alexander"]
[Result "1/2-1/2"]
[WhiteTitle "IM"]
[BlackTitle "GM"]
[WhiteElo "2407"]
[BlackElo "2581"]
[WhiteFideId "4151933"]
[BlackFideId "2803828"]
[EventDate "2015.12.19"]

1. e4 c5 2. c3 Nf6 3. e5 Nd5 4. d4 cxd4 5. cxd4 d6 6. Nf3 Nc6 7. Bc4 Nb6 8. Bb5
dxe5 9. Nxe5 Bd7 10. Nc3 Nxe5 11. dxe5 Bxb5 12. Nxb5 Qxd1+ 13. Kxd1 Nd5 14. Bd2
e6 15. Rc1 Kd7 16. Ke2 Be7 17. Nc3 Rhc8 18. Rhd1 Nxc3+ 19. Rxc3 Rxc3 20. Bxc3+
Ke8 21. Rc1 Rc8 22. Bd2 Rxc1 23. Bxc1 Kd7 24. Kd3 Kc6 25. Ke4 Kb5 26. Bd2 a5 27.
b3 a4 28. f4 h5 29. h3 axb3 30. axb3 Bb4 31. Bc1 Be1 32. Ba3 Bf2 33. Kd3 Bc5 34.
Bc1 Kb4 35. Kc2 Be7 36. Be3 h4 37. Bd4 g6 38. Be3 Bc5 39. Bd2+ Kb5 40. Kd3 Bb4
41. Bc1 Be1 42. Ba3 Bg3 43. Ke4 Bf2 44. Kd3 Bc5 45. Bc1 Kb4 46. Kc2 Be7 47. Be3
Bc5 48. Bd2+ Kb5 49. Kd3 Bb4 50. Bc1 Be1 51. Ba3 Bg3 52. Ke4 Bf2 53. Kd3 Bc5 54.
Bc1 Kb4 55. Kc2 Bf2 56. Bd2+ Kc5 57. Kd3 Kd5 58. Bc3 Bg3 59. Ke3 g5 60. fxg5
Bxe5 61. Be1 Bb2 62. Bxh4 Bc1+ 63. Kf3 e5 64. g4 e4+ 65. Ke2 Bf4 66. Be1 Bxg5
67. h4 Be7 68. h5 1/2-1/2

[Event "European Rapid 2015"]
[Site "Minsk BLR"]
[Date "2015.12.19"]
[Round "4.21"]
[White "Azarov, Sergei"]
[Black "Gorodetzky, David"]
[Result "1-0"]
[WhiteTitle "GM"]
[BlackTitle "FM"]
[WhiteElo "2595"]
[BlackElo "2342"]
[WhiteFideId "13501470"]
[BlackFideId "2813416"]
[EventDate "2015.12.19"]

1. e4 e6 2. d4 d5 3. Nd2 Nf6 4. e5 Nfd7 5. Bd3 c5 6. c3 Nc6 7. Ne2 cxd4 8. cxd4
f6 9. exf6 Nxf6 10. Nf3 Bd6 11. O-O Qc7 12. Nc3 a6 13. Be3 O-O 14. Rc1 Bd7 15.
Re1 Rae8 16. h3 Re7 17. Ne5 Qd8 18. f4 Bb8 19. Qd2 Ba7 20. Bb1 Be8 21. a3 Rc7
22. Rcd1 g6 23. f5 exf5 24. Kh1 Bf7 25. Bg5 Qd6 26. Bf4 Qd8 27. Ba2 Ne4 28. Nxe4
fxe4 29. Rf1 Be6 30. Bh6 Rxf1+ 31. Rxf1 Bf7 32. Qf4 Qd6 33. Bxd5 Nxe5 34. dxe5
Qe7 35. e6 1-0

[Event "European Rapid 2015"]
[Site "Minsk BLR"]
[Date "2015.12.19"]
[Round "4.22"]
[White "Chigaev, Maksim"]
[Black "Lobanov, Sergei"]
[Result "1/2-1/2"]
[WhiteTitle "IM"]
[WhiteElo "2526"]
[BlackElo "2457"]
[WhiteFideId "4108116"]
[BlackFideId "24183750"]
[EventDate "2015.12.19"]

1. e4 c5 2. Nc3 Nc6 3. g3 g6 4. Bg2 Bg7 5. d3 d6 6. f4 Nf6 7. Nf3 e5 8. O-O h6
9. Kh1 Be6 10. Be3 Qd7 11. Qd2 Ng4 12. Bg1 exf4 13. gxf4 Nd4 14. a4 O-O 15. Nxd4
cxd4 16. Ne2 Ne3 17. Bxe3 dxe3 18. Qxe3 Bxb2 19. f5 Bxa1 20. Rxa1 Bxf5 21. exf5
Qxf5 22. Ng3 Qe5 23. Qxe5 dxe5 24. Bxb7 Rab8 25. Bd5 Kg7 26. Ne4 f5 27. Nd2 Rfd8
28. Bc4 e4 29. Nb3 exd3 30. cxd3 Rdc8 31. Nd4 Rb2 32. Re1 Rcb8 33. a5 Kf6 34. a6
Rb1 35. Rxb1 Rxb1+ 36. Kg2 Ke5 37. Nc6+ Kf4 38. Nxa7 Ke3 39. Nc8 f4 40. Bd5 Rb2+
41. Kh3 f3 42. a7 f2 43. Bg2 Ra2 44. Bf1 Ra1 45. Kg2 Ra5 46. h4 Ra2 47. Kg3 Ra1
48. Kg2 Ra2 49. d4 Kxd4 50. Kf3 Kc5 51. Be2 Kc6 52. Kxf2 Kc7 53. Ne7 Rxa7 54.
Nxg6 Kd6 55. Kg3 Ke6 56. Bf3 Rg7 57. h5 Kf6 58. Be4 Kg5 59. Nf4 Ra7 60. Bf3 Ra3
61. Ne6+ Kf6 62. Nd4 Kg5 63. Ne6+ Kf6 64. Nc5 Rxf3+ 65. Kxf3 Kg5 66. Ke4 1/2-1/2

[Event "European Rapid 2015"]
[Site "Minsk BLR"]
[Date "2015.12.19"]
[Round "4.23"]
[White "Balashov, Yuri S"]
[Black "Goganov, Aleksey"]
[Result "1/2-1/2"]
[WhiteTitle "GM"]
[BlackTitle "GM"]
[WhiteElo "2408"]
[BlackElo "2597"]
[WhiteFideId "4100263"]
[BlackFideId "24109959"]
[EventDate "2015.12.19"]

1. d4 d5 2. c4 e6 3. Nc3 Nf6 4. cxd5 exd5 5. Bg5 c6 6. e3 Nbd7 7. Bd3 Be7 8. Qc2
Nh5 9. Bxe7 Qxe7 10. Nge2 g6 11. O-O O-O 12. Rab1 a5 13. a3 Ng7 14. b4 axb4 15.
axb4 Nf6 16. b5 Bf5 17. Bxf5 Nxf5 18. bxc6 bxc6 19. Ng3 Nxg3 20. hxg3 Rac8 21.
Na4 Ng4 22. Rfe1 Qg5 23. f3 Nf6 24. Qf2 Rfe8 25. Nc5 Re7 26. Rb7 Rxb7 27. Nxb7
Nh5 28. g4 Ng7 29. Nc5 h5 30. gxh5 Nxh5 31. g4 Kg7 32. Qh2 Re8 33. Kf2 Nf6 34.
Qf4 Qxf4 35. exf4 Rxe1 36. Kxe1 Kf8 37. Kd2 Ke7 38. Kc3 Nd7 39. Nd3 f6 40. Kb4
Kd6 41. g5 fxg5 42. fxg5 Nf8 43. Nf4 Nh7 44. Nh3 Nf8 45. Nf4 Nh7 46. Nh3 Nf8 1/2-1/2

[Event "European Rapid 2015"]
[Site "Minsk BLR"]
[Date "2015.12.19"]
[Round "4.24"]
[White "Shevchenko, Kirill"]
[Black "Andriasian, Zaven"]
[Result "0-1"]
[WhiteTitle "FM"]
[BlackTitle "GM"]
[WhiteElo "2373"]
[BlackElo "2594"]
[WhiteFideId "14129574"]
[BlackFideId "13302000"]
[EventDate "2015.12.19"]

1. e4 d6 2. d4 g6 3. Nc3 Bg7 4. f4 a6 5. Nf3 b5 6. Bd3 Bb7 7. e5 e6 8. O-O Nd7
9. Ne4 Bxe4 10. Bxe4 d5 11. Bd3 Ne7 12. Be3 Nf5 13. Bf2 h5 14. a4 Rb8 15. axb5
axb5 16. Qe2 b4 17. Ra7 Bh6 18. g3 Ne7 19. Rfa1 O-O 20. Kg2 Nc8 21. R7a6 Ncb6
22. Bb5 Rc8 23. Ra7 c6 24. Bd3 c5 25. c3 bxc3 26. bxc3 cxd4 27. cxd4 Nc4 28. Be1
Rc7 29. Rxc7 Qxc7 30. Rc1 Rc8 31. Rc2 Qc6 32. Bf2 Qa4 33. Ne1 Qb3 34. Ra2 Nf8
35. Rc2 Nd7 36. Ra2 Ndb6 37. Rc2 Na4 38. f5 gxf5 39. Qxh5 Bg7 40. Rc1 Nab2 41.
Bb1 Rb8 42. Qe2 Bh6 43. Bc2 Qc3 44. Rb1 Na3 45. Ra1 Nbc4 46. Ra2 Nxc2 47. Rxc2
Qb3 48. Nf3 Qb1 49. Ra2 Qc1 50. Rc2 Qb1 51. Ra2 Nb2 52. Ra7 Nd3 53. Ng5 Nxf2 54.
Nxf7 Qh1+ 55. Kxf2 Qxh2+ 0-1

[Event "European Rapid 2015"]
[Site "Minsk BLR"]
[Date "2015.12.19"]
[Round "4.25"]
[White "Rozum, Ivan"]
[Black "Kochetkov, German"]
[Result "0-1"]
[WhiteTitle "GM"]
[BlackTitle "IM"]
[WhiteElo "2559"]
[BlackElo "2338"]
[WhiteFideId "24104272"]
[BlackFideId "13500635"]
[EventDate "2015.12.19"]

1. e4 e5 2. Nf3 d6 3. d4 exd4 4. Nxd4 Nf6 5. Nc3 Be7 6. Be2 O-O 7. O-O a6 8. a4
c5 9. Nf5 Bxf5 10. exf5 d5 11. Bf3 d4 12. Ne4 Nc6 13. Re1 Rc8 14. g4 c4 15. Ng3
Bb4 16. Rf1 h6 17. Bg2 d3 18. cxd3 Qxd3 19. g5 hxg5 20. Bxg5 Nh7 21. Bh4 Rfe8
22. Qh5 Be7 23. Be4 Qb3 24. f6 Nxf6 25. Bxf6 Bxf6 26. Qh7+ Kf8 27. Nf5 g6 28.
Nd6 Re7 29. Bd5 Rcc7 30. Rae1 Ne5 31. Re3 Qb6 32. Ne4 Bg7 33. Ng5 Qd4 34. Bg2
Qf4 35. h4 Ng4 36. Rd1 Qxf2+ 37. Kh1 Qxg2+ 38. Kxg2 Nxe3+ 39. Kf3 Nxd1 40. h5
Re3+ 41. Kg2 Rc5 42. Nxf7 Re2+ 43. Kg3 Re3+ 44. Kg2 Kxf7 45. Qxg6+ Kg8 46. h6
Rc7 47. Qd6 Rce7 48. Qxd1 Bxh6 49. Qd5+ Kh7 50. Qxc4 Re2+ 51. Kf1 Re1+ 52. Kf2
R7e2+ 53. Kf3 Re3+ 54. Kf2 R1e2+ 55. Kf1 Re7 56. b4 R2e4 57. Qd3 Bg5 58. a5 Kg7
59. b5 Re1+ 60. Kf2 R7e2+ 61. Qxe2 Rxe2+ 62. Kxe2 Kf6 63. Kd3 Ke6 64. Kc4 Be3
65. Kb4 Kd5 66. Ka4 Bd2 0-1

[Event "European Rapid 2015"]
[Site "Minsk BLR"]
[Date "2015.12.19"]
[Round "4.26"]
[White "Efanov, Nikolai"]
[Black "Romanov, Evgeny"]
[Result "1-0"]
[WhiteTitle "IM"]
[BlackTitle "GM"]
[WhiteElo "2399"]
[BlackElo "2590"]
[WhiteFideId "4187997"]
[BlackFideId "4148843"]
[EventDate "2015.12.19"]

1. e4 e5 2. Nf3 Nc6 3. Bb5 g6 4. O-O Bg7 5. c3 a6 6. Ba4 d6 7. d4 Bd7 8. Bg5 f6
9. Be3 Nh6 10. d5 Ne7 11. Bxd7+ Qxd7 12. c4 Nf7 13. c5 f5 14. Nc3 f4 15. cxd6
cxd6 16. Bb6 Nc8 17. Qb3 Nxb6 18. Qxb6 O-O 19. Nd2 Rfc8 20. Rac1 Bf6 21. Qb3 Bd8
22. a4 g5 23. f3 Qc7 24. Kh1 Qb6 25. Qa3 h5 26. Ne2 Rxc1 27. Rxc1 g4 28. b4 Qf2
29. Qd3 Bb6 30. Rf1 Qe3 31. Qxe3 Bxe3 32. Nc4 Rc8 33. Nxe3 fxe3 34. Re1 Ng5 35.
Ng1 Rc3 36. h4 gxh3 37. Nxh3 Nxh3 38. gxh3 h4 39. Kg2 Kf7 40. f4 exf4 41. Kf3
e2+ 42. Kxf4 Rxh3 43. Rxe2 Rb3 44. a5 Kf6 45. Rh2 h3 46. Rh1 Kg6 47. Rg1+ Kf7
48. Rh1 Kf6 49. Rh2 Kg6 50. Rh1 Kh5 51. Kf5 Kh4 52. e5 dxe5 53. d6 e4 54. Rd1
Rf3+ 55. Kxe4 Rf8 56. Ke5 h2 57. d7 Kg3 58. Rh1 Kg2 59. Rxh2+ Kxh2 60. Kd6 Kg3
61. Ke7 1-0

[Event "European Rapid 2015"]
[Site "Minsk BLR"]
[Date "2015.12.19"]
[Round "4.27"]
[White "Putka, Verners"]
[Black "Fedorov, Alexei"]
[Result "1/2-1/2"]
[BlackTitle "GM"]
[WhiteElo "2307"]
[BlackElo "2563"]
[WhiteFideId "11600659"]
[BlackFideId "13500465"]
[EventDate "2015.12.19"]

1. d4 Nf6 2. Nc3 d5 3. Bf4 c6 4. Qd2 Nbd7 5. e3 g6 6. Nf3 Bg7 7. Be2 Nh5 8. Ne5
Nxf4 9. exf4 f6 10. Nd3 O-O 11. g3 e5 12. dxe5 fxe5 13. Nxe5 Nxe5 14. fxe5 Bxe5
15. f4 Bg7 16. O-O-O Qa5 17. Kb1 Bf5 18. Bd3 Rae8 19. Bxf5 gxf5 20. Rhe1 Bxc3
21. bxc3 Re4 22. Rxe4 dxe4 23. Kb2 Qb6+ 24. Kc1 Qc5 25. Kb2 Qe7 26. Qe3 b6 27.
h3 Rd8 28. Rxd8+ Qxd8 29. g4 Qd5 30. Qg3 Kf8 31. gxf5 Qxf5 32. Qh4 Kf7 33. Qg3
Ke6 34. Qg8+ Kd7 35. Qg7+ Kd6 36. Qxa7 e3 37. Qxb6 Qe4 38. Qd8+ Ke6 39. Qg8+ Kd7
40. Qg7+ Kc8 41. Qg4+ Kc7 42. Qe2 Qxf4 43. Qd3 h6 44. Qh7+ Kb6 45. Qe7 Qf3 46.
Qb4+ Ka6 47. Qc4+ Kb7 48. Qb4+ Kc8 49. Qe7 e2 50. Qe8+ Kb7 51. Qe7+ Ka6 52. Qa3+
Kb6 53. Qb4+ Ka6 54. Qa3+ 1/2-1/2

[Event "European Rapid 2015"]
[Site "Minsk BLR"]
[Date "2015.12.19"]
[Round "4.28"]
[White "Andrejevs, Arvids"]
[Black "Mikhalevski, Victor"]
[Result "0-1"]
[BlackTitle "GM"]
[WhiteElo "2275"]
[BlackElo "2535"]
[WhiteFideId "11602708"]
[BlackFideId "2801914"]
[EventDate "2015.12.19"]

1. e4 e5 2. Nf3 Nc6 3. Nc3 Nf6 4. Bb5 Bb4 5. O-O O-O 6. d3 d6 7. Bg5 Ne7 8. Bxf6
gxf6 9. Nh4 c6 10. Ba4 Ng6 11. Nxg6 hxg6 12. Bb3 Kg7 13. f4 Rh8 14. fxe5 dxe5
15. Qf3 a5 16. a4 Bc5+ 17. Kh1 Rxh2+ 18. Kxh2 Qh8+ 19. Kg3 f5 20. d4 f4+ 21. Kf2
Qh4+ 22. Ke2 Bxd4 23. g3 Qh2+ 24. Kd3 Be3 25. Ne2 Bh3 26. Rh1 Rd8+ 27. Kc3 Bd2+
28. Kc4 b6 29. g4 Qxe2+ 0-1

[Event "European Rapid 2015"]
[Site "Minsk BLR"]
[Date "2015.12.19"]
[Round "4.29"]
[White "Pavlidou, Ekaterini"]
[Black "Harutjunyan, Gevorg"]
[Result "0-1"]
[WhiteTitle "WIM"]
[BlackTitle "GM"]
[WhiteElo "2223"]
[BlackElo "2436"]
[WhiteFideId "4213262"]
[BlackFideId "13300873"]
[EventDate "2015.12.19"]

1. d4 Nf6 2. c4 e6 3. Nc3 Bb4 4. e3 O-O 5. Ne2 b6 6. a3 Bxc3+ 7. Nxc3 Bb7 8. f3
d5 9. Bd3 Nbd7 10. O-O e5 11. cxd5 exd4 12. exd4 Nxd5 13. Nxd5 Bxd5 14. Be4 Bxe4
15. fxe4 Qe7 16. Qf3 Rae8 17. Bf4 Qxe4 18. Qxe4 Rxe4 19. Bxc7 Rc8 20. Bg3 Rxd4
21. Rac1 Rxc1 22. Rxc1 h5 23. Rc8+ Kh7 24. Rc7 a5 25. Rb7 h4 26. Be1 Rd1 27. Kf1
g5 28. Ke2 Rd6 29. b4 axb4 30. Bxb4 Rd5 31. Bd2 Kg6 32. Be3 Rd6 33. g3 h3 34.
Ra7 Ne5 35. Ra6 Nc4 36. Bc1 Kf5 37. a4 Rd5 38. Ra7 f6 39. Rc7 Ne5 40. Rh7 g4 41.
Be3 Ra5 42. Bf4 Rxa4 43. Bxe5 fxe5 44. Kd3 Ra3+ 45. Kc4 Ra2 46. Kd5 Rd2+ 47. Kc6
Rxh2 0-1

[Event "European Rapid 2015"]
[Site "Minsk BLR"]
[Date "2015.12.19"]
[Round "4.30"]
[White "Terzi, Alexei"]
[Black "Tukhaev, Adam"]
[Result "0-1"]
[BlackTitle "GM"]
[WhiteElo "2179"]
[BlackElo "2564"]
[WhiteFideId "13505076"]
[BlackFideId "14109476"]
[EventDate "2015.12.19"]

1. e4 c5 2. Nf3 Nc6 3. d4 cxd4 4. Nxd4 Qb6 5. Nb3 Nf6 6. Nc3 e6 7. a3 d6 8. Bf4
Ne5 9. Qd4 Qxd4 10. Nxd4 a6 11. O-O-O Bd7 12. h3 Rc8 13. f3 Be7 14. Nb3 O-O 15.
Na5 Rc7 16. Be3 b5 17. Bg5 Rfc8 18. Kb1 Be8 19. Be2 Ng6 20. Be3 Nh5 21. Rhe1 Bh4
22. Rg1 Bg3 23. Rd2 Be5 24. Nd1 Ng3 25. Bb6 Nf4 26. Bf1 Rd7 27. Nb3 d5 28. exd5
Nxd5 29. Bf2 f6 30. Bxg3 Bxg3 31. Bd3 Nf4 32. Nc3 Nxd3 33. Rxd3 Rdc7 34. Rgd1
Be5 35. Nd4 Kf7 36. Nde2 g5 37. Rd8 Ke7 38. Rxc8 Rxc8 39. Na2 a5 40. Nac1 Bg6
41. Nd3 Bd6 42. Nd4 b4 43. axb4 axb4 44. Nb5 b3 45. cxb3 Bc5 46. Nc3 Bd4 47. Ne4
Rb8 48. b4 f5 49. Nec5 e5 50. Re1 Kd6 51. Kc1 f4 52. Nxe5 Bxe5 53. Rxe5 Kxe5 54.
Nd7+ Kd6 55. Nxb8 Bd3 56. Kd2 Bf1 57. Ke1 Bb5 58. Kf2 Kc7 59. g3 Kxb8 60. h4 h6
61. hxg5 hxg5 62. gxf4 gxf4 63. Kg2 Bd7 64. Kf2 Kc7 65. Ke2 Bc6 66. Kf2 Kb6 67.
Kg2 Kb5 68. Kh3 Bxf3 69. Kh4 Bd5 0-1

[Event "European Rapid 2015"]
[Site "Minsk BLR"]
[Date "2015.12.19"]
[Round "4.31"]
[White "Aleksandrov, Aleksej"]
[Black "Pultinevicius, Paulius"]
[Result "1-0"]
[WhiteTitle "GM"]
[WhiteElo "2615"]
[BlackElo "2262"]
[WhiteFideId "13500139"]
[BlackFideId "12809390"]
[EventDate "2015.12.19"]

1. d4 Nf6 2. c4 e6 3. Nc3 Bb4 4. e3 O-O 5. Ne2 d5 6. a3 Be7 7. cxd5 exd5 8. g3
c6 9. Bg2 a5 10. O-O Nbd7 11. Qc2 Re8 12. Bd2 Nb6 13. Rad1 Bd6 14. Bc1 Bg4 15.
f3 Bh5 16. Nf4 Bg6 17. Nxg6 hxg6 18. e4 Bf8 19. e5 Nfd7 20. f4 Nc4 21. f5 gxf5
22. Qxf5 Qe7 23. Rde1 g6 24. Qf2 Bg7 25. Nxd5 cxd5 26. Bxd5 Ncxe5 27. dxe5 Nxe5
28. Bf4 Qd7 29. Rd1 Qf5 30. Qg2 Re7 31. Bxb7 Rb8 32. Be4 Qh5 33. Kh1 f5 34. Bf3
Qh7 35. Rfe1 Rbe8 36. Bg5 Rc7 37. Bd5+ Kh8 38. Bf4 Rce7 39. b4 axb4 40. axb4 Qh5
41. Rf1 Rb8 42. Rb1 Rb5 43. Be3 Nd3 44. Bf3 Qh7 45. Bg5 Rc7 46. Qd2 Rd7 47. Bc6
Ne5 48. Bxd7 Nxd7 49. Qxd7 1-0

[Event "European Rapid 2015"]
[Site "Minsk BLR"]
[Date "2015.12.19"]
[Round "4.33"]
[White "Pavlov, Sergey2"]
[Black "Makovskis, Georgijs"]
[Result "1-0"]
[WhiteTitle "IM"]
[WhiteElo "2454"]
[BlackElo "2236"]
[WhiteFideId "14114330"]
[BlackFideId "11601132"]
[EventDate "2015.12.19"]

1. c4 Nf6 2. Nf3 e6 3. g3 d5 4. Bg2 Be7 5. d4 O-O 6. Nc3 c6 7. O-O Nbd7 8. Qd3
dxc4 9. Qxc4 Nd5 10. e4 Nxc3 11. bxc3 c5 12. Rd1 Qa5 13. a4 b6 14. Qb5 Qxb5 15.
axb5 Bb7 16. d5 exd5 17. exd5 Bf6 18. Ra3 a6 19. bxa6 Rxa6 20. Rxa6 Bxa6 21. Bb2
Bb7 22. Nd2 Ra8 23. Ne4 Ra2 24. Rd2 Ne5 25. Nxf6+ gxf6 26. d6 Bxg2 27. Kxg2 Kf8
28. f4 Nd7 29. c4 Ra4 30. Rc2 Ra2 31. Kf3 Ke8 32. Re2+ Kf8 33. Ke4 Ke8 34. Kd5+
Kd8 35. Kc6 Ra6 36. Kd5 Ra2 37. g4 Kc8 38. Kc6 Nb8+ 39. Kxb6 Kd7 40. Kxc5 Nc6
41. Rd2 Ra5+ 42. Kb6 Ra4 43. Bxf6 Rxc4 44. Be5 Re4 45. Rd5 Re2 46. h4 Re4 47.
Rc5 Rb4+ 48. Rb5 Re4 49. Kc5 Nd8 50. Kd5 Re1 51. Ra5 Rd1+ 52. Ke4 Nc6 53. Rb5
Rh1 54. Rb7+ Ke8 55. Kf5 Nxe5 56. fxe5 Rxh4 57. Rb8+ Kd7 58. Rf8 Rh1 59. Rxf7+
Ke8 60. Ra7 Kf8 61. g5 Ke8 1-0

[Event "European Rapid 2015"]
[Site "Minsk BLR"]
[Date "2015.12.19"]
[Round "4.36"]
[White "Ragger, Markus"]
[Black "Savenkov, Konstantin"]
[Result "1-0"]
[WhiteTitle "GM"]
[BlackTitle "FM"]
[WhiteElo "2687"]
[BlackElo "2325"]
[WhiteFideId "1610856"]
[BlackFideId "4138600"]
[EventDate "2015.12.19"]

1. d4 Nf6 2. c4 d6 3. Nf3 g6 4. Nc3 Bg7 5. e4 O-O 6. Be2 e5 7. O-O Nc6 8. d5 Ne7
9. Ne1 Nd7 10. Nd3 f5 11. f3 f4 12. Bd2 g5 13. Rc1 Rf7 14. c5 Nxc5 15. Nxc5 dxc5
16. Na4 b6 17. b4 cxb4 18. Bxb4 Kh8 19. Qb3 Rf6 20. Rfd1 Ng6 21. Rc2 Bd7 22.
Rdc1 Qe8 23. Nb2 c5 24. dxc6 Rxc6 25. Rxc6 Bxc6 26. Ba6 Rd8 27. Qc4 Ba8 28. Bb5
Qg8 29. Qc7 g4 30. Bc4 1-0

[Event "European Rapid 2015"]
[Site "Minsk BLR"]
[Date "2015.12.19"]
[Round "4.38"]
[White "Smirin, Ilia"]
[Black "Gritsenko, Nikolai"]
[Result "1-0"]
[WhiteTitle "GM"]
[BlackTitle "FM"]
[WhiteElo "2658"]
[BlackElo "2309"]
[WhiteFideId "2801990"]
[BlackFideId "14112493"]
[EventDate "2015.12.19"]

1. e4 e5 2. Nf3 d6 3. d4 exd4 4. Nxd4 Nf6 5. Nc3 g6 6. Bg5 Bg7 7. Nd5 h6 8.
Nxf6+ Bxf6 9. Bxf6 Qxf6 10. Qd2 Bd7 11. O-O-O Nc6 12. Nb5 O-O-O 13. Kb1 Kb8 14.
Nc3 Qg7 15. Bb5 a6 16. Ba4 Ne7 17. Bxd7 Rxd7 18. f4 Rhd8 19. Rhe1 Qf6 20. g3 h5
21. a3 Ka8 22. Re3 Qe6 23. Ne2 Nc6 24. Nc3 Ne7 25. Rd3 h4 26. e5 hxg3 27. hxg3
d5 28. Ne4 c6 29. Nc5 Qg4 30. Qa5 Nc8 31. Nxd7 Rxd7 32. Rh1 Kb8 33. Rh8 Qe2 34.
Qc5 Rc7 35. Qd6 Qf1+ 36. Ka2 Qf2 37. Rxc8+ 1-0

[Event "European Rapid 2015"]
[Site "Minsk BLR"]
[Date "2015.12.19"]
[Round "4.39"]
[White "Nikitenko, Mihail"]
[Black "Landa, Konstantin"]
[Result "0-1"]
[BlackTitle "GM"]
[WhiteElo "2396"]
[BlackElo "2625"]
[WhiteFideId "13506862"]
[BlackFideId "4101685"]
[EventDate "2015.12.19"]

1. e4 c5 2. Nf3 e6 3. d4 cxd4 4. Nxd4 a6 5. Nc3 Qc7 6. Be2 b5 7. O-O Bb7 8. Bf3
Nc6 9. Nxc6 dxc6 10. Qe2 Bd6 11. g3 Nf6 12. Bg2 O-O 13. a4 e5 14. Be3 Rad8 15.
Rad1 Qe7 16. h3 Bc5 17. Nb1 bxa4 18. Bxc5 Qxc5 19. c3 Qb5 20. Qc2 Nd7 21. Na3
Qb3 22. Qxb3 axb3 23. Nc4 Nc5 24. Ra1 f6 25. Ra5 Nd3 26. Ra3 c5 27. Na5 Ba8 28.
Rxb3 Rb8 29. Rd1 Rxb3 30. Nxb3 c4 31. Na5 Nxb2 32. Rd6 Na4 33. f3 Nxc3 34. Bf1
f5 35. Nxc4 fxe4 36. Nxe5 h6 37. Bc4+ Kh7 38. f4 a5 39. Kf2 e3+ 40. Kxe3 Rb8 41.
Bd3+ Kg8 42. Kd4 Nd1 43. Nd7 Rb4+ 44. Bc4+ Kh7 45. Nf8+ Kh8 46. Ng6+ Kh7 47.
Nf8+ Kh8 48. Rd8 Nb2 49. Rxa8 Nxc4 50. Kc3 Nd6 51. Ng6+ Kh7 52. Nf8+ Kg8 53.
Nd7+ Kh7 54. Rxa5 Rb1 55. f5 Rh1 56. Kd4 Rxh3 57. Rd5 Nf7 58. Nf8+ Kg8 59. Ng6
Rxg3 60. Ra5 h5 61. Ra7 h4 62. Ke4 h3 63. Ra2 Rg2 64. Ra8+ Kh7 65. Ra1 Ng5+ 66.
Kf4 Kh6 67. Nh4 Re2 68. Ra6+ Kh5 69. Ng6 h2 70. Ra1 Nh3+ 71. Kg3 Ng1 72. Nf4+
Kg5 73. Nh3+ Kf6 74. Rxg1 hxg1=Q+ 75. Nxg1 Re5 76. Nf3 Rxf5 77. Nd4 Rf1 78. Nc2
g5 79. Ne3 Rc1 80. Ng4+ Kg6 81. Nf2 Rc3+ 82. Kg4 Rc4+ 83. Kg3 Kf5 84. Nd1 Re4
85. Nf2 Re3+ 86. Kg2 g4 87. Nd1 Ra3 0-1

[Event "European Rapid 2015"]
[Site "Minsk BLR"]
[Date "2015.12.19"]
[Round "4.40"]
[White "Belous, Vladimir"]
[Black "Chizhikov, Vladislav"]
[Result "1-0"]
[WhiteTitle "GM"]
[WhiteElo "2557"]
[BlackElo "2229"]
[WhiteFideId "4174003"]
[BlackFideId "4178157"]
[EventDate "2015.12.19"]

1. Nf3 Nf6 2. c4 g6 3. Nc3 d5 4. cxd5 Nxd5 5. Qa4+ c6 6. Qd4 Nf6 7. Qxd8+ Kxd8
8. e4 Bg7 9. d4 Nbd7 10. h3 Nb6 11. a4 a5 12. Be3 Nbd7 13. Bc4 Ke8 14. O-O h6
15. Rac1 Kf8 16. Rfd1 Ne8 17. Ba2 Nb8 18. Nd5 Be6 19. Nb6 Bxa2 20. Nxa8 Bb3 21.
Rd3 Bxa4 22. Ra3 Bb5 23. Rxa5 Na6 24. Nb6 Nd6 25. e5 Ne8 26. d5 Kg8 27. dxc6
bxc6 28. Nd4 Nac7 29. Nxc6 Kh7 30. Ra7 Bxc6 31. Rxc6 Bxe5 32. Nc4 Nb5 33. Nxe5
Nxa7 34. Bxa7 Kg7 35. Rc8 Nd6 36. Rxh8 Kxh8 37. Bc5 1-0

[Event "European Rapid 2015"]
[Site "Minsk BLR"]
[Date "2015.12.19"]
[Round "4.41"]
[White "Kryakvin, Dmitry"]
[Black "Pletnev, Evgeniy"]
[Result "1-0"]
[WhiteTitle "GM"]
[WhiteElo "2529"]
[BlackElo "2235"]
[WhiteFideId "4153278"]
[BlackFideId "24104140"]
[EventDate "2015.12.19"]

1. d4 f5 2. Nf3 Nf6 3. g3 g6 4. Bg2 Bg7 5. O-O O-O 6. c4 d6 7. Nc3 c6 8. Rb1
Nbd7 9. d5 cxd5 10. cxd5 Nc5 11. Be3 Bd7 12. Bd4 Rc8 13. Rc1 Qa5 14. Nd2 Bh6 15.
Rc2 b5 16. a3 b4 17. Nc4 Qa6 18. axb4 Qxc4 19. bxc5 dxc5 20. Be5 Qa6 21. h3 Ne8
22. Qa1 Qb6 23. Qa2 Nd6 24. Ra1 Nf7 25. Bf4 g5 26. Bd2 f4 27. g4 Rc7 28. Ne4 Qg6
29. Rxc5 Rb7 30. d6 exd6 31. Bc3 Be6 32. Qa6 Bg7 33. Qxb7 dxc5 34. Rxa7 Bxc3 35.
bxc3 h5 36. Ra6 hxg4 37. hxg4 Nd8 38. Qe7 c4 39. Bf3 Kh8 40. Qxf8+ 1-0

[Event "European Rapid 2015"]
[Site "Minsk BLR"]
[Date "2015.12.19"]
[Round "4.42"]
[White "Vorontsov, Pavlo"]
[Black "Maljush, Andrej"]
[Result "0-1"]
[WhiteTitle "IM"]
[WhiteElo "2395"]
[BlackElo "2285"]
[WhiteFideId "14116367"]
[BlackFideId "13500724"]
[EventDate "2015.12.19"]

1. e4 d6 2. d4 Nf6 3. Nc3 e5 4. Nf3 Nbd7 5. Bc4 Be7 6. O-O O-O 7. Re1 c6 8. a4
Qc7 9. a5 Rb8 10. d5 c5 11. Nb5 Qd8 12. Nxa7 Ra8 13. Nxc8 Qxc8 14. Bd2 Bd8 15.
Qe2 Nb8 16. Ra3 Na6 17. c3 Ne8 18. b4 f5 19. b5 Nb8 20. a6 bxa6 21. bxa6 Ra7 22.
Rb1 Nd7 23. Rab3 fxe4 24. Qxe4 Nef6 25. Qe2 h6 26. Rb7 Rxb7 27. axb7 Qb8 28. Ba6
Nb6 29. c4 Qa7 30. Ba5 Nbd7 31. b8=Q Nxb8 32. Bxd8 Rxd8 33. Bb5 Nbd7 34. Bxd7
Rxd7 35. h3 Rb7 36. Re1 Qa3 37. Nh4 Rb2 38. Qd1 Qa2 39. Qf3 Qxc4 40. Nf5 Qf4 41.
Nxd6 Qxf3 42. gxf3 Rd2 43. Nc4 Rxd5 44. Nxe5 Nd7 45. Nc4 Rd4 46. Rc1 Kf7 47. Kf1
Ke6 48. Ne3 Rf4 49. Ke2 Rh4 50. Ng2 Ra4 51. Rc2 c4 52. Ne3 Nb6 53. Kd2 g6 54.
Kc3 Nd5+ 55. Kd2 Nxe3 56. fxe3 Kd5 57. Rb2 Kc5 58. Rb8 Ra2+ 59. Kc3 Ra3+ 60. Kd2
Rd3+ 61. Ke2 Rd6 62. Rc8+ Kb4 63. e4 Kc3 64. e5 Ra6 65. Ke3 Ra1 66. Rc6 Rg1 67.
Kf2 Rg5 68. f4 Rf5 69. Kg3 g5 70. fxg5 hxg5 71. e6 Re5 72. Kg4 Kd3 73. e7 c3 74.
e8=Q Rxe8 75. Kxg5 c2 76. h4 Re5+ 77. Kg6 Re6+ 78. Rxe6 c1=Q 79. h5 Qg1+ 80. Kh6
Kd4 81. Rg6 Qh2 82. Rg4+ Ke5 83. Rg5+ Kf6 84. Rg6+ Kf7 85. Rg7+ Kf8 86. Rg6 Qe5
87. Rg4 Kf7 88. Rg6 Qd4 89. Kg5 Qe3+ 90. Kg4 Qd2 91. Kh4 Qf4+ 92. Kh3 Qd4 93.
Rg4 Qe5 94. Kh4 Qh2+ 95. Kg5 Kg7 96. Rf4 Qd2 97. Kg4 Qg2+ 98. Kh4 Qh2+ 99. Kg4
Qb2 100. Rf5 Kh6 101. Kf4 Qd4+ 102. Kf3 Kg7 103. Kg3 Qe4 104. Rf4 Qe5 105. Kg4
Kh6 106. Rf5 Qe4+ 107. Rf4 Qg2+ 108. Kf5 Kxh5 109. Ke5 Qb2+ 110. Ke4 Qb4+ 111.
Kf3 Qc5 112. Ke4 Kg5 113. Rf3 Qc4+ 114. Ke3 Kg4 115. Rf2 Qc3+ 116. Ke2 Kg3 117.
Rf8 Qe5+ 118. Kf1 Qb5+ 119. Ke1 Qb4+ 0-1